Entrepreneurial Dimension of the Supporting Sectors of the Creative Industries in Slovakia

Analýza súčasného stavu podporných sektorov v rámci kreatívneho priemyslu, identifikácia a kvantifikácia úlohy podporných sektorov v slovenskej ekonomike a identifikácia podnikateľského rozmeru podporných sektorov kreatívneho priemyslu na Slovensku.

Saved in:
Bibliographic Details
Main Author: Kmety Barteková, Mária, 1992-
Format: Book Chapter
Language:English
Subjects:
Tags: Add Tag
No Tags, Be the first to tag this record!

MARC

LEADER 00000naa$a2200000$$$4500
001 0281321
005 20240502074357.3
041 0 |a eng 
044 |a SK 
245 1 0 |a Entrepreneurial Dimension of the Supporting Sectors of the Creative Industries in Slovakia  |c Mária Kmety Barteková 
520 |a Analýza súčasného stavu podporných sektorov v rámci kreatívneho priemyslu, identifikácia a kvantifikácia úlohy podporných sektorov v slovenskej ekonomike a identifikácia podnikateľského rozmeru podporných sektorov kreatívneho priemyslu na Slovensku. 
610 2 0 |a priemysel kreatívny 
610 2 0 |a podnik 
610 2 0 |a zdroje finančné 
610 2 0 |a analýza finančná 
610 2 0 |a Slovensko 
100 1 |a Kmety Barteková, Mária, 1992-